|
|
|
|
| LEADER |
00000caa a2200000 c 4500 |
| 001 |
1526062674 |
| 003 |
DE-627 |
| 005 |
20220604105229.0 |
| 007 |
tu |
| 008 |
160223s1992 xx ||||| 00| ||ger c |
| 020 |
|
|
|a 3050019018
|
| 035 |
|
|
|a (DE-627)1526062674
|
| 035 |
|
|
|a (DE-576)45606267X
|
| 035 |
|
|
|a (DE-599)BSZ45606267X
|
| 040 |
|
|
|a DE-627
|b ger
|c DE-627
|e rakwb
|
| 041 |
|
|
|a ger
|
| 100 |
1 |
|
|a Kasek, Leonhard
|d 1950-2017
|0 (DE-588)17105265X
|0 (DE-627)061214515
|0 (DE-576)131877518
|4 aut
|
| 109 |
|
|
|a Kasek, Leonhard 1950-2017
|a Kasek, Leo 1950-2017
|
| 245 |
1 |
0 |
|a Arbeitslosigkeit und Wertorientierung: Auswirkungen der Arbeitslosigkeit und Grundorientierungen
|c Leonhard Kasek
|
| 264 |
|
1 |
|c 1992
|
| 336 |
|
|
|a Text
|b txt
|2 rdacontent
|
| 337 |
|
|
|a ohne Hilfsmittel zu benutzen
|b n
|2 rdamedia
|
| 338 |
|
|
|a Band
|b nc
|2 rdacarrier
|
| 773 |
0 |
8 |
|i In
|t Soziologie in Deutschland und die Transformation großer gesellschaftlicher Systeme
|d Berlin : Akademie-Verlag, 1992
|g (1992), Seite 1145-1157
|h 1632 S
|w (DE-627)027177270
|w (DE-576)028888367
|z 3050019018
|7 nnam
|
| 773 |
1 |
8 |
|g year:1992
|g pages:1145-1157
|
| 935 |
|
|
|a mkri
|
| 951 |
|
|
|a AR
|
| ELC |
|
|
|b 1
|
| LOK |
|
|
|0 000 xxxxxcx a22 zn 4500
|
| LOK |
|
|
|0 001 2899568949
|
| LOK |
|
|
|0 003 DE-627
|
| LOK |
|
|
|0 004 1526062674
|
| LOK |
|
|
|0 005 20251112112552
|
| LOK |
|
|
|0 008 160208||||||||||||||||ger|||||||
|
| LOK |
|
|
|0 040
|a DE-21-110
|c DE-627
|d DE-21-110
|
| LOK |
|
|
|0 689
|a s
|a Arbeitslosigkeit
|
| LOK |
|
|
|0 689
|a s
|a Wertorientierung
|
| LOK |
|
|
|0 852
|a DE-21-110
|
| LOK |
|
|
|0 852 1
|m p
|9 00
|
| LOK |
|
|
|0 935
|a k110
|
| LOK |
|
|
|0 938
|k p
|
| LOK |
|
|
|0 939
|a 08-02-16
|b l01
|
| ORI |
|
|
|a SA-MARC-krimdoka001.raw
|